000 00317pab a2200133 454500
008 180718b1990 xxu||||| |||| 00| 0 eng d
100 _aSarker, Subhas Chandra
245 _aThe need is for debureaucratisation
260 _c1990
300 _a29-34,62
650 _aCentralisation
773 _aJanata
909 _a5210
999 _c5210
_d5210